书目信息 |
| 题名: |
潮起
|
|
| 作者: | 陈浙闽 著 | |
| 分册: | ||
| 出版信息: | 天津 天津人民出版社 2025.01 |
|
| 页数: | 551页 | |
| 开本: | 20cm | |
| 丛书名: | ||
| 单 册: | ||
| 中图分类: | D092.6 | |
| 科图分类: | ||
| 主题词: | 政治学--历史 , 政治思想史 | |
| 电子资源: | ||
| ISBN: | 978-7-201-20728-5 | |
| 000 | 00659nam0 2200217 450 | |
| 001 | 2461775267 | |
| 005 | 20241212171219.03 | |
| 010 | @a978-7-201-20728-5@dCNY88.00 | |
| 100 | @a20241212d2025 km y0chiy0120 ea | |
| 101 | 0 | @achi |
| 102 | @aCN@b120000 | |
| 200 | 1 | @a潮起@AChao Qi@e社会主义思想引领中国@f陈浙闽著@FChen Zhe Min Zhu |
| 210 | @a天津@c天津人民出版社@d2025.01 | |
| 215 | @a551页@d20cm | |
| 517 | 1 | @a社会主义思想引领中国@AShe Hui Zhu Yi Si Xiang Yin Ling Zhong Guo |
| 606 | 0 | @a政治学@x历史 |
| 606 | 0 | @a政治思想史 |
| 690 | @aD092.6@v4 | |
| 701 | 0 | @a陈浙闽@AChen Zhe Min@4著 |
| 801 | 0 | @aCN@b河南城建学院图书馆@c20241212 |
| 905 | @dD092.6@eC654 | |
| 潮起:社会主义思想引领中国/陈浙闽著.-天津:天津人民出版社,2025.01 |
| 551页;20cm |
| ISBN 978-7-201-20728-5:CNY88.00 |
| ● |
| 相关链接 |
|
|
|
正题名:潮起
索取号:D092.6/C654
 
预约/预借
| 序号 | 登录号 | 条形码 | 馆藏地/架位号 | 状态 | 备注 |
| 1 | 1554333 | 215543339 | 马克思主义学院资料室/ [索取号:D092.6/C654] | 在馆 | |
| 2 | 1554334 | 215543348 | 马克思主义学院资料室/ [索取号:D092.6/C654] | 在馆 |